<?xml version="1.0" encoding="UTF-8"?>
<record
    xmlns:xsi="http://www.w3.org/2001/XMLSchema-instance"
    xsi:schemaLocation="http://www.loc.gov/MARC21/slim http://www.loc.gov/standards/marcxml/schema/MARC21slim.xsd"
    xmlns="http://www.loc.gov/MARC21/slim">

  <leader>01513nam a22002537a 4500</leader>
  <datafield tag="999" ind1=" " ind2=" ">
    <subfield code="c">8223</subfield>
    <subfield code="d">8223</subfield>
  </datafield>
  <controlfield tag="005">20251125232818.0</controlfield>
  <controlfield tag="008">      s2530    th                  tha d</controlfield>
  <datafield tag="040" ind1=" " ind2=" ">
    <subfield code="a">NALT</subfield>
  </datafield>
  <datafield tag="041" ind1=" " ind2=" ">
    <subfield code="a">tha</subfield>
  </datafield>
  <datafield tag="090" ind1=" " ind2=" ">
    <subfield code="a">AZ 560.T56 </subfield>
    <subfield code="b">&#xE1A;268 2530</subfield>
  </datafield>
  <datafield tag="245" ind1="0" ind2="0">
    <subfield code="a">&#xE1A;&#xE31;&#xE19;&#xE17;&#xE36;&#xE01;&#xE01;&#xE32;&#xE23;&#xE40;&#xE21;&#xE37;&#xE2D;&#xE07;&#xE44;&#xE17;&#xE22; = </subfield>
    <subfield code="b">Profiles of Thai politics /</subfield>
    <subfield code="c">&#xE1A;&#xE23;&#xE23;&#xE13;&#xE32;&#xE18;&#xE34;&#xE01;&#xE32;&#xE23; &#xE0A;&#xE32;&#xE15;&#xE34;&#xE0A;&#xE32;&#xE22; &#xE40;&#xE22;&#xE47;&#xE19;&#xE1A;&#xE33;&#xE23;&#xE38;&#xE07;, &#xE18;&#xE33;&#xE23;&#xE07;&#xE28;&#xE31;&#xE01;&#xE14;&#xE34;&#xE4C; &#xE40;&#xE1E;&#xE0A;&#xE23;&#xE40;&#xE25;&#xE34;&#xE28;&#xE2D;&#xE19;&#xE31;&#xE19;&#xE15;&#xE4C;.</subfield>
  </datafield>
  <datafield tag="260" ind1=" " ind2=" ">
    <subfield code="a">&#xE01;&#xE23;&#xE38;&#xE07;&#xE40;&#xE17;&#xE1E;&#xE2F; : </subfield>
    <subfield code="b">&#xE21;&#xE39;&#xE25;&#xE19;&#xE34;&#xE18;&#xE34;&#xE40;&#xE2D;&#xE40;&#xE0B;&#xE35;&#xE22;, </subfield>
    <subfield code="c">2530.</subfield>
  </datafield>
  <datafield tag="300" ind1=" " ind2=" ">
    <subfield code="a">1074 &#xE2B;&#xE19;&#xE49;&#xE32; :</subfield>
    <subfield code="b">&#xE20;&#xE32;&#xE1E;&#xE1B;&#xE23;&#xE30;&#xE01;&#xE2D;&#xE1A;, &#xE41;&#xE1C;&#xE19;&#xE17;&#xE35;&#xE48;, &#xE15;&#xE32;&#xE23;&#xE32;&#xE07; ;</subfield>
    <subfield code="c">30 &#xE0B;&#xE21;.</subfield>
  </datafield>
  <datafield tag="500" ind1=" " ind2=" ">
    <subfield code="a">&#xE42;&#xE04;&#xE23;&#xE07;&#xE01;&#xE32;&#xE23;&#xE27;&#xE34;&#xE08;&#xE31;&#xE22; "&#xE1A;&#xE31;&#xE19;&#xE17;&#xE36;&#xE01;&#xE01;&#xE32;&#xE23;&#xE40;&#xE21;&#xE37;&#xE2D;&#xE07;&#xE44;&#xE17;&#xE22;" &#xE2A;&#xE19;&#xE31;&#xE1A;&#xE2A;&#xE19;&#xE38;&#xE19;&#xE42;&#xE14;&#xE22; &#xE21;&#xE39;&#xE25;&#xE19;&#xE34;&#xE18;&#xE34;&#xE40;&#xE2D;&#xE40;&#xE0B;&#xE35;&#xE22;</subfield>
  </datafield>
  <datafield tag="650" ind1=" " ind2="0">
    <subfield code="a">&#xE01;&#xE32;&#xE23;&#xE40;&#xE25;&#xE37;&#xE2D;&#xE01;&#xE15;&#xE31;&#xE49;&#xE07;</subfield>
    <subfield code="z">&#xE44;&#xE17;&#xE22;</subfield>
    <subfield code="x">&#xE27;&#xE34;&#xE08;&#xE31;&#xE22;</subfield>
    <subfield code="9">11962</subfield>
  </datafield>
  <datafield tag="650" ind1=" " ind2="4">
    <subfield code="a">&#xE01;&#xE32;&#xE23;&#xE40;&#xE25;&#xE37;&#xE2D;&#xE01;&#xE15;&#xE31;&#xE49;&#xE07;</subfield>
    <subfield code="9">12205</subfield>
    <subfield code="z">&#xE44;&#xE17;&#xE22;</subfield>
    <subfield code="x">&#xE2A;&#xE16;&#xE34;&#xE15;&#xE34;</subfield>
  </datafield>
  <datafield tag="650" ind1=" " ind2="0">
    <subfield code="a">&#xE2A;&#xE21;&#xE32;&#xE0A;&#xE34;&#xE01;&#xE2A;&#xE20;&#xE32;&#xE1C;&#xE39;&#xE49;&#xE41;&#xE17;&#xE19;&#xE23;&#xE32;&#xE29;&#xE0E;&#xE23;</subfield>
    <subfield code="9">12206</subfield>
    <subfield code="y">2529</subfield>
    <subfield code="x">&#xE17;&#xE33;&#xE40;&#xE19;&#xE35;&#xE22;&#xE1A;&#xE19;&#xE32;&#xE21;</subfield>
  </datafield>
  <datafield tag="700" ind1="0" ind2=" ">
    <subfield code="9">21289</subfield>
    <subfield code="a">&#xE0A;&#xE32;&#xE15;&#xE34;&#xE0A;&#xE32;&#xE22; &#xE40;&#xE22;&#xE47;&#xE19;&#xE1A;&#xE33;&#xE23;&#xE38;&#xE07;</subfield>
  </datafield>
  <datafield tag="700" ind1="0" ind2=" ">
    <subfield code="a">&#xE18;&#xE33;&#xE23;&#xE07;&#xE28;&#xE31;&#xE01;&#xE14;&#xE34;&#xE4C; &#xE40;&#xE1E;&#xE0A;&#xE23;&#xE40;&#xE25;&#xE34;&#xE28;&#xE2D;&#xE19;&#xE31;&#xE19;&#xE15;&#xE4C;</subfield>
    <subfield code="9">10227</subfield>
  </datafield>
  <datafield tag="850" ind1=" " ind2=" ">
    <subfield code="a">NALT</subfield>
  </datafield>
  <datafield tag="856" ind1="4" ind2="0">
    <subfield code="u">https://hdl.handle.net/20.500.14156/514071</subfield>
    <subfield code="7">1</subfield>
  </datafield>
  <datafield tag="942" ind1=" " ind2=" ">
    <subfield code="c">REF</subfield>
    <subfield code="2">local</subfield>
  </datafield>
  <datafield tag="998" ind1=" " ind2=" ">
    <subfield code="j">104</subfield>
    <subfield code="k"> &#xE2A;&#xE32;&#xE22;&#xE1D;&#xE19; &#xE14;&#xE35;&#xE07;&#xE32;&#xE21;</subfield>
  </datafield>
  <datafield tag="952" ind1=" " ind2=" ">
    <subfield code="0">0</subfield>
    <subfield code="1">0</subfield>
    <subfield code="2">local</subfield>
    <subfield code="4">0</subfield>
    <subfield code="7">0</subfield>
    <subfield code="8">CREF</subfield>
    <subfield code="a">NALT</subfield>
    <subfield code="b">NALT</subfield>
    <subfield code="l">0</subfield>
    <subfield code="o">&#xE2D; AZ 560.T56 &#xE1A;268 2530</subfield>
    <subfield code="p">3961130360</subfield>
    <subfield code="r">2025-02-06 00:00:00</subfield>
    <subfield code="t">&#xE09;.1</subfield>
    <subfield code="w">2017-06-09</subfield>
    <subfield code="y">REF</subfield>
  </datafield>
  <datafield tag="952" ind1=" " ind2=" ">
    <subfield code="0">0</subfield>
    <subfield code="1">0</subfield>
    <subfield code="2">local</subfield>
    <subfield code="4">0</subfield>
    <subfield code="7">0</subfield>
    <subfield code="8">CREF</subfield>
    <subfield code="a">NALT</subfield>
    <subfield code="b">NALT</subfield>
    <subfield code="l">0</subfield>
    <subfield code="o">&#xE2D; AZ 560.T56 &#xE1A;268 2530</subfield>
    <subfield code="p">3961168250</subfield>
    <subfield code="r">2017-06-09 00:00:00</subfield>
    <subfield code="t">&#xE09;.2</subfield>
    <subfield code="w">2017-06-09</subfield>
    <subfield code="y">REF</subfield>
  </datafield>
</record>
